| 000 | 02850nam a22002897a 4500 | ||
|---|---|---|---|
| 003 | OSt | ||
| 005 | 20240516031249.0 | ||
| 008 | 240509b ||||| |||| 00| 0 eng d | ||
| 040 |
_bEnglish. _cCvSU-CCAT Campus Library. _erda. |
||
| 050 |
_aUM QA 76.54 _bD65 2016 |
||
| 100 |
_aDolor, John Lorenz F., author. _912611 |
||
| 245 |
_aDevelopment of Record Management System of Contreras Medical Clinic and Hospital / _cJohn Lorenz F. Dolor, Jasmen B. Adique, and Arianne Rose C. De Vera. |
||
| 260 |
_aRosario, Cavite : _bCavite State University-CCAT Campus, _c2016. |
||
| 300 |
_axiii, 131 leaves : _billustrations ; _c28 cm |
||
| 500 | _aA Design Project (BSInfoTech) -- Cavite State University-CCAT Campus, 2016. | ||
| 504 | _aIncludes bibliographical references and appendices. | ||
| 520 | _aDOLOR, JOHN LORENZ F, ADIQUE, JASMEN B., AND DE VERA, ARIANNE ROSE C. Development of Record Management System of Contreras Medical Cinicand Hospital. Design Project. Bachelor of Science in Information Technology. Cavite State University-Rosario, Rosario, Cavite. April 2016. Adviser: Mr. Christopher G Estonilo. A record management system for Contreras Medical Clinic and Hospital not just to lessen their paper works but for them to easily find and retrieve data of the inpatients, outpatients and employees, This system gives assurance to the patients that their information is secured and cannot be stole, torn, disappeared or leaked. The study was conducted from January 2015 to March 2016 to develop a record management system for Contreras Specifically, the study aimed to: 1) design the user interface of the record management system; 2) test and evaluate the system; 3) implement the system in the hospital. The interactive model was used by the developers as leading tool for the development of the system. It is composed of planning , analysis, design, evaluation and implementation phases upon developing the system, it was evaluated in terms of accuracy of contents and gender sensitivity, software support curriculum need jobs, software as a learning tool, intended user learner, cost efficiency and technical support. A total of respondents composed of IT Experts, Hospital admin, nurses, pharmacist, doctor, teachers, and students. The system received a total of score of 89.72/100. The assessment revealed that the system satisfied the needs of the end users and it is ready for deployment. | ||
| 546 | _aIn English text. | ||
| 650 |
_aDatabases. _9587 |
||
| 650 |
_aDatabase Management System. _912793 |
||
| 700 |
_aAdique, Jasmen B., author. _912612 |
||
| 700 |
_aDe Vera, Arianne Rose C., author. _912613 |
||
| 700 |
_aEstonilo, Christopher G., adviser. _95822 |
||
| 700 |
_aAgudo, Jovemar V., technical critic. _912342 |
||
| 942 |
_2lcc _cT/M/D _kUM _hQA 76.54 D65 2016 |
||
| 999 |
_c3443 _d3443 |
||